Diseño de red de alcantarillado sanitario del barrio Jorge Cassaly de la ciudad de Managua

Presenta el diseño de red de alcantarillado sanitario del barrio Jorge Cassaly de la ciudad de Managua en el cual se presenta el estudio topográfico del vecindario, así como el diseño hidráulico de la red de alcantarillado.

Bibliographic Details
Main Authors: Cuadra Mayorga, Lenin Kleomar, Jirón Rizo, Roberto Carlos
Other Authors: Tutor: Lanza Mejía, Nestor Javier
Format: Tesis Section = Libro
Language:Undetermined
Spanish
Published: Managua UNI 2002
Subjects:
LEADER 01095nam a2200277Ia 4500
008 240830s9999 xx 000 0 und d
040 |a BIBLIOTECA-RUPAP Mon 628.2 C961 
041 |a spa 
082 |a Mon 628.2 C961 
100 1 |a Cuadra Mayorga, Lenin Kleomar 
100 1 |b  Jirón Rizo, Roberto Carlos 
245 1 0 |a Diseño de red de alcantarillado sanitario del barrio Jorge Cassaly de la ciudad de Managua 
260 |a Managua  |b UNI  |c 2002 
300 |a 85 p. :il. 
500 |a Cotiene: anexos. 
502 |a Tesis (Ingeniero Civil)- UNI, 2002. 
520 3 |a Presenta el diseño de red de alcantarillado sanitario del barrio Jorge Cassaly de la ciudad de Managua en el cual se presenta el estudio topográfico del vecindario, así como el diseño hidráulico de la red de alcantarillado. 
650 7 |a ALCANTARILLADO SANITARIO 
650 7 |b SISTEMA DE ALCANTARILLADO 
650 7 |c INGENIERIA SANITARIA 
650 7 |d REDES DE ALCANTARILLADO 
650 7 |e INGENIERIA HIDRAULICA 
700 1 |a Tutor:  |b Lanza Mejía, Nestor Javier 
942 |c BK  |2 ddc 
991 |a TESIS 
999 |c 16308